| 000 | 00630nam a2200217 i 4500 | ||
|---|---|---|---|
| 001 | 70362 | ||
| 003 | ES-MaACL | ||
| 005 | 20250804054023.0 | ||
| 007 | t| | ||
| 008 | 040722s1962 sp ||||1| spa d | ||
| 080 | _a248.1 | ||
| 100 | 1 |
_aGarcía-Salve, Francisco. _955252 |
|
| 245 | 1 | 3 |
_aLa joven que despertó mujer / _cFrancisco García-Salve. |
| 260 |
_aMadrid : _bStudium, _c[1962] |
||
| 300 |
_a149 p., 10 lám. ; _c20 cm. |
||
| 490 | 1 |
_aMuchacha cristiana ; _v36 |
|
| 650 | 7 |
_aVida cristiana _2embne _917790 |
|
| 830 | 1 |
_aMuchacha cristiana ; _v36 _9183666 |
|
| 852 | 4 |
_aES-MaACL _jC-25324 |
|
| 999 |
_c70362 _d70362 |
||